[Event "Bangalore op-B 1st"]
[Site "Bangalore"]
[Date "2024.01.18"]
[Round "1"]
[White "Tejas, Pai T"]
[Black "Manjunath, J."]
[Result "1/2-1/2"]
[WhiteElo "1270"]
[BlackElo "1979"]
[PlyCount "139"]
[EventDate "2024.01.18"]
[EventType "swiss"]
[EventRounds "10"]
[EventCountry "IND"]
[SourceTitle "EXT 2025"]
[Source "ChessBase"]
[SourceDate "2024.10.14"]
[SourceVersion "1"]
[SourceVersionDate "2024.10.14"]
[SourceQuality "1"]

1. c4 e6 2. Nc3 d5 3. d4 Nf6 4. cxd5 exd5 5. Nf3 c6 6. e3 Bd6 7. Bd3 Nbd7 8. 0-0 0-0 9. Re1 Re8 10. b3 Ne4 11. Bb2 Ndf6 12. Qc2 Nxc3 13. Bxc3 Ne4 14. h3 Qf6 15. Bxe4 dxe4 16. Ne5 Bf5 17. Qe2 Qg5 18. f4 exf3 19. Nxf3 Qg3 20. Qf2 Be4 21. Ne5 Bxe5 22. dxe5 Qg6 23. Rad1 Rad8 24. Kh2 c5 25. Qg3 b6 26. Qxg6 hxg6 27. g4 Bf3 28. Rd6 Rxd6 29. exd6 Bc6 30. e4 f6 31. e5 Kf7 32. Kg3 Bd7 33. h4 f5 34. gxf5 gxf5 35. Kf4 Be6 36. Rd1 Rh8 37. Be1 Bd7 38. Rd2 Rh6 39. Rg2 Rg6 40. Rg5 Rh6 41. Rg2 Re6 42. Rg1 Re8 43. Rg2 Rh8 44. Rg1 c4 45. b4 c3 46. Rg2 Ba4 47. Bxc3 Rxh4+ 48. Kxf5 Bd7+ 49. Kg5 Rc4 50. Rg3 Re4 51. a3 Re2 52. Kf4 Ra2 53. Bd4 g6 54. Rc3 Ke6 55. Rg3 Kd5 56. Bg1 Bf5 57. Rg5 Ra1 58. Bh2 Ke6 59. Rg3 Rf1+ 60. Ke3 Re1+ 61. Kd4 Re2 62. Bg1 Re4+ 63. Kc3 Rxe5 64. Re3 Rxe3+ 65. Bxe3 Kxd6 66. Kd4 Ke6 67. a4 Bc2 68. a5 Kf5 69. axb6 axb6 70. b5 1/2-1/2